Ενεργειακά πάρκα
Αποθηκεύτηκε σε:
| Κύριος συγγραφέας: | |
|---|---|
| Συγγραφή απο Οργανισμό/Αρχή: | |
| Άλλοι συγγραφείς: | , |
| Μορφή: | Βιβλίο |
| Γλώσσα: | Greek |
| Δημοσίευση: |
Αθήνα :
Εκδόσεις Παπαζήση,
c1991
|
| Θέματα: | |
| Ετικέτες: |
Προσθήκη ετικέτας
Δεν υπάρχουν, Καταχωρήστε ετικέτα πρώτοι!
|
MARC
| LEADER | 00000nam a2200000 i 4500 | ||
|---|---|---|---|
| 001 | 1/73552 | ||
| 008 | 990317s1991 gre d | ||
| 020 | |a 960020893X | ||
| 035 | |l 10048834 | ||
| 040 | |a GR-MY-UA |b gre |e aacr | ||
| 041 | 0 | |a gre | |
| 082 | 0 | |a 333.79 | |
| 100 | 1 | |a Αλιβιζάτος, Γεράσιμος. | |
| 110 | 2 | |a Ελληνική Τράπεζα Βιομηχανικής Ανάπτυξης |b Διεύθυνση Τεχνικών Υπηρεσιών. | |
| 245 | 1 | 0 | |a Ενεργειακά πάρκα / |c Γεράσιμος Ν. Αλιβιζάτος, Κωνσταντίνος Κ. Στελακάτος, Αντώνης Α. Τορτοπίδης |
| 260 | |a Αθήνα : |b Εκδόσεις Παπαζήση, |c c1991 | ||
| 300 | |a 157 σ. | ||
| 504 | |a Περιέχει βιβλιογραφία | ||
| 650 | 0 | 0 | |a Energy. |
| 650 | 0 | 0 | |a Energy industries. |
| 700 | 1 | |a Στελακάτος, Κωνσταντίνος Κ. | |
| 700 | 1 | |a Τορτοπίδης, Αντώνης Α. | |
| 852 | |a INST |b CHIOS |e 19990317 |h 333.79 ΑΛΙ |p 005200014570 |q 005200014570 |t BK |y 0 | ||
| 901 | |a BIBL-1999-1 | ||
| 909 | |a Χ |b 055623 | ||
| 922 | |a 2ΔΩΡ |b 199903 |c ΜΕΤΑΠΤΥΧΙΑΚΟ ΤΟΥΡΙΣΜΟΥ | ||